| 000 | 01075nam a22002537a 4500 | ||
|---|---|---|---|
| 001 | 22121 | ||
| 005 | 20260416162438.0 | ||
| 008 | 260324b |||||||| |||| 00| 0 spa d | ||
| 020 | _a9786124712555 | ||
| 082 |
_aRI 378.85 _bS94 2025 |
||
| 100 | _a, | ||
| 110 | _aSuperintendencia Nacional de Educación Superior Universitaria | ||
| 245 | _aIV Informe bienal sobre la realidad universitaria en Perú (2021-2022) | ||
| 260 |
_aLima : _bSuperintendencia Nacional de Educación Superior Universitaria, _c2025 |
||
| 300 |
_a219 páginas : _bfotografías, gráficos, tablas ; _c30 cm. |
||
| 440 | _a ; | ||
| 650 | _aCIS | ||
| 653 | _aEducación superior - Perú; Universidades - Perú; Estudiantes universitarios | ||
| 654 | _aCED | ||
| 700 | _a; | ||
| 856 |
_uhttps://0u20ju29f-y-https-www-jstor-org.itmsp.museknowledge.com/ _zVéase además: Base de datos JSTOR |
||
| 856 |
_uhttps://0u20vu28x-y-https-ebookcentral-proquest-com.itmsp.museknowledge.com/lib/catolicasp/home.action _zVéase además: Base de datos ProQuest Ebook Central |
||
| 942 |
_cINF _dJUS _fMAT _n0 _2ddc |
||
| 999 |
_c22121 _d22121 |
||